00636 a2200181 4500003000500000005001700005010001700022020004400039040000900083245012000092250001200212260003300224300001100257490005200268942001200320999001900332952010300351Nust20170207165831.0 a 2012950804 a9789400754034 (hard cover : alk. paper) cNust00aMultibody dynamics (E-BOOK)bcomputational methods and applications /c[edited by] Jean-Claude Samin, Paul Fisette. a1st ed. aNew York :bSpringer,c2012. ap. cm.0 aComputational methods in applied sciences ;v28 2ddccBK c213280d213280 00102ddc40708NFICaMCSbMCSd2016-12-12l0o512.4 BOTpMCSEB-3313r2016-12-08w2016-12-12yBK